=LDR 00000nam 2200000 4500 =001 INLIS000000000003802 =005 20130612092115 =008 ***********************************Ind** =035 ##$$0010-061300000003802 =041 ##$$a Ind =082 ##$$a 530 =090 ##$$a 530, Van g =100 ##$$a Vancleave, Janice Pratt =245 ##$$a Gembira bermain dengan fisika, 101 percobaan yang pasti berhasil, Janice Pratt Vancleave; penerjemah, Dedi Pakar =260 ##$$a 1993 $b Jakarta =300 ##$$a xv, 253 hlm., ilus., 21 cm =650 ##$$a Fisika =700 ##$$a Pakar, Dedi =850 ##$$a NBPNMAT